| 000 | 00449nam a2200181Ia 4500 | ||
|---|---|---|---|
| 001 | 20683 | ||
| 005 | 20260306172823.0 | ||
| 008 | 260306t2022||||xx |||||||||||||| ||spa|| | ||
| 041 | _aESP | ||
| 082 |
_a343.6 _bR68 |
||
| 100 |
_aRivera Ferreyros, Gustavo Nilo _eAUT |
||
| 245 | 0 | _aImpedimentos para contratar con el estado | |
| 260 | _c2022 | ||
| 300 |
_a127 páginas : _c24 cm. |
||
| 650 | _aGEN | ||
| 654 | _aCDE | ||
| 942 |
_cLIB _dJUS _fJUS _2ddc _n |
||
| 999 |
_c20683 _d20683 |
||